| 000 | 00434cam a2200169ua 4500 | ||
|---|---|---|---|
| 020 | _cRs 1.25 | ||
| 041 |
_amal _h |
||
| 082 |
_a894.812308 _bSAR/VI |
||
| 100 | _aSarathchandra, Chattarjee . | ||
| 245 |
_aVikundante osyathu / _cSarathchandra Chattarjee. _hTextual Documents |
||
| 260 |
_aCalicut : _bP.K Brothers , _c1957. |
||
| 300 | _a136 ; . | ||
| 365 | _aRs 1.25 | ||
| 504 | _a | ||
| 942 | _cBK | ||
| 999 |
_c4225 _d4225 |
||